000 00303nam a22001337a 4500
008 250320b |||||||| |||| 00| 0 eng d
020 _a0553553281798
050 _aPS86
_b.L93
100 _aLUDLUM, Robert
245 _aTrevayne
260 _aCanada
_bBantam Books
300 _aviii, 469p.
942 _cBK
999 _c2527
_d2527